000 00840nas a2200277 4500
001 BR0905117
003 BR-BrBNA
005 20231205113608.0
007 ta
008 230509b bl.|||p| |||| 00| 00por d
040 _aBR-BrBNA
_bpor
_cBiblioteca Nacional de Agricultura
041 _a(En)
072 _aH10
100 1 _aTrindade, M.S. de A.
100 1 _aSousa, A.H. de
100 1 _aMaracajá, P.B.
100 1 _aSales Júnior, R.
100 1 _aAndrade, W.G. de
245 1 _aAqueous extracts and oil of neem combined with nenonicotinoid insecticides against Bemisi tabaci
650 _aINSETO
650 _aMOSCA BRANCA
650 _aPLANTA
773 0 _tCiência Rural (Brazil)
_xISSN 0103-8478
_g(Nov-Dec 2007), v. 37(6) p. 1798-1800
_wBR0905117
909 _a202311
_bLúcia
_c55
_dLúcia Elande
942 _2AGRIS
_n0
_cANA
999 _c204623
_d204623